=LDR 00000nam 2200000 4500 =001 INLIS000000000043193 =005 20131008102355 =008 ***********************************Ind** =035 ##$$0010-101300000001115 =041 ##$$a Ind =082 ##$$a 242.2 =090 ##$$a 242.2, Har k =100 ##$$a Harter, Michael =245 ##$$a Hatiku berkobar-kobar, dode pengurung latihan rohani; michaael Harter =260 ##$$a 2000 $b Yogyakarta =300 ##$$a 140 hal, 19 cm =650 ##$$a kristen =650 ##$$a Bacaan umtuk Ibadah =850 ##$$a NBPNMAT